=LDR 00000nam 2200000 4500 =001 INLIS000000000047962 =005 20200401075107 =035 ##$$a 0010-031600000000075 =008 200401################g##########0#eng## =020 ##$$a 3-451-05096-x =082 ##$$a 155.4 =090 ##$$a 155.4 $b Sch a =100 ##$$a Schindler, Margarethe =245 1#$$a Als meine kinder anfingen, erwachsen zu werden : $b Ein mutter-buch /$c Margarethe Schindler =260 ##$$a Freiburg :$b Herder,$c 2001. =300 ##$$a 128 hlm. ; $c 12 x 19 cm =650 #4$$a Psikologi Anak =084 ##$$a 155.4 SCH a =990 ##$$a 31500745